LEADER 01122nam 2200361Ia 450 001 996391899103316 005 20221107232742.0 035 $a(CKB)1000000000672566 035 $a(EEBO)2240895213 035 $a(OCoLC)11311086 035 $a(EXLCZ)991000000000672566 100 $a19841025d1643 uy | 101 0 $alat 135 $aurbn||||a|bb| 200 10$aBurrhi impetus juveniles$b[electronic resource] $eet quædam sedatioris aliquantulum animi epistolæ 210 $aOxoniæ $cExcudebat Leonardus Lichfield ...$d1643 215 $a144 p 300 $aDuplicate of B6128A. 300 $aCollection of letters between Sir John Borough and Phillip Bacon. 300 $aReproduction of the original in the British Library. 330 $aeebo-0018 606 $aLatin letters 606 $aLetters 615 0$aLatin letters. 615 0$aLetters. 700 $aBorough$b John$cSir,$fd. 1643.$01005776 701 $aBacon$b Philip$01013352 801 1$bEAK 801 2$bWaOLN 906 $aBOOK 912 $a996391899103316 996 $aBurrhi impetus juveniles$92356267 997 $aUNISA LEADER 01904oam 2200469Ia 450 001 9910701453803321 005 20120816152417.0 035 $a(CKB)5470000002418539 035 $a(OCoLC)785826761 035 $a(EXLCZ)995470000002418539 100 $a20120416d2011 ua 0 101 0 $aeng 135 $aurbn||||||||| 181 $ctxt$2rdacontent 182 $cc$2rdamedia 183 $acr$2rdacarrier 200 00$aReview of EPA's draft approaches for deriving numeric nutrient criteria for Florida's estuaries, coastal waters, and southern inland flowing waters$b[electronic resource] /$f[signed] Deborah L. Swackhamer, Judith L. Meyer 210 1$a[Washington, D.C.] :$cU. S. Environmental Protection Agency, Office of the Administrator, Science Advisory Board,$d2011. 215 $a1 online resource (67 pages) 300 $aTitle from title screen (viewed on Apr. 16, 2012). 300 $a"July 19, 2011." 300 $a"EPA-SAB-11-010." 320 $aIncludes bibliographical references (page [52-57]). 606 $aEstuarine fisheries$zFlorida 606 $aWater quality$zFlorida 606 $aWater$xPollution 606 $aWater quality$xMeasurement 615 0$aEstuarine fisheries 615 0$aWater quality 615 0$aWater$xPollution. 615 0$aWater quality$xMeasurement. 701 $aSwackhamer$b Deborah Liebl$01389701 701 $aMeyer$b Judith L$01404078 712 02$aUnited States.$bEnvironmental Protection Agency.$bScience Advisory Board. 712 02$aUnited States.$bEnvironmental Protection Agency.$bOffice of the Administrator. 801 0$bGPO 801 1$bGPO 801 2$bGPO 906 $aBOOK 912 $a9910701453803321 996 $aReview of EPA's draft approaches for deriving numeric nutrient criteria for Florida's estuaries, coastal waters, and southern inland flowing waters$93477941 997 $aUNINA